书目信息 |
| 题名: |
未来战争
|
|
| 作者: | 肖占中 著 | |
| 分册: | ||
| 出版信息: | 北京 军事谊文出版社 2000.08 |
|
| 页数: | 287页 | |
| 开本: | 20cm | |
| 丛书名: | 中华青少年高科技红星旅夏令营系列丛书 | |
| 单 册: | ||
| 中图分类: | E81 | |
| 科图分类: | ||
| 主题词: | 战略学--军事 | |
| 电子资源: | ||
| ISBN: | 7-80150-104-7 | |
| 000 | 00704nam 2200229 450 | |
| 001 | 1154928281 | |
| 005 | 20111226151656.01 | |
| 010 | @a7-80150-104-7@dCNY14.00 | |
| 100 | @a20111226d2000 km y0chiy0120 ea | |
| 101 | 0 | @achi |
| 102 | @aCN@b110000 | |
| 105 | @ay z 000yy | |
| 200 | 1 | @a未来战争@Awei lai zhan zheng@f肖占中著@Fxiao zhan zhong zhu |
| 210 | @a北京@c军事谊文出版社@d2000.08 | |
| 215 | @a287页@d20cm | |
| 225 | 2 | @a中华青少年高科技红星旅夏令营系列丛书 |
| 410 | 0 | @12001 @a中华青少年高科技红星旅夏令营系列丛书 |
| 606 | 0 | @a战略学@x军事 |
| 690 | @aE81@v4 | |
| 701 | 0 | @a肖占中@Axiao zhan zhong@4著 |
| 801 | 0 | @aCN@b大连网信软件有限公司图书馆·11@c20111226 |
| 905 | @aZUCC@dE81@eX295@f3 | |
| 未来战争/肖占中著.-北京:军事谊文出版社,2000.08 |
| 287页;20cm.-(中华青少年高科技红星旅夏令营系列丛书) |
| ISBN 7-80150-104-7:CNY14.00 |
| ● |
| 相关链接 |
|
|
|
正题名:未来战争
索取号:E81/X295
 
预约/预借
| 序号 | 登录号 | 条形码 | 馆藏地/架位号 | 状态 | 备注 |
| 1 | 1067515 | 210675152 | 社科库509/509社科库 121排2列6层/ [索取号:E81/X295] | 在馆 | |
| 2 | 1067516 | 210675161 | 社科库509/509社科库 121排2列6层/ [索取号:E81/X295] | 在馆 | |
| 3 | 1067517 | 210675170 | 社科库509/509社科库 121排2列6层/ [索取号:E81/X295] | 在馆 |